World Capitals Closest to Russia - One Minute Sprint - Statistics

General Stats
  • This quiz has been taken 26 times
  • The average score is 15 of 20
Answer Stats
km capital % Correct
204 Kiev
100%
161 Helsinki
95%
206 Riga
91%
176 Tallinn
91%
88 Tbilisi
91%
230 Minsk
86%
551 Pyongyang
86%
154 Vilnius
86%
238 Yerevan
86%
234 Warsaw
82%
285 Astana
77%
184 Baku
77%
551 Stockholm
77%
514 Bucharest
68%
195 Ulaanbaatar
68%
467 Berlin
64%
327 Chisinau
64%
501 Ankara
45%
603 Prague
36%
471 Copenhagen
32%
No matching quizzes found
Score Distribution
Percent of People with Each Score
Percentile by Number Answered
Your Score History
You have not taken this quiz